Statistics for All Bundesliga teams 2015/16

Click here to take the quiz!

General Stats

  • This quiz has been taken 139 times
  • The average score is 13 of 18

Answer Stats

Place in 2014/15Answer% Correct
1st PlaceFC Bayern Munich
100%
7th PlaceBorussia 09 Dortmund
95%
4th PlaceBayer 04 Leverkusen
85%
2nd PlaceWfl Wolfsburg
85%
6th PlaceSchalke 04
82%
16th PlaceHamburger SV
81%
15th PlaceHertha Berlin
77%
12th Place1.FC Cologne
75%
3rd PlaceBorussia Monchengladbach
75%
9th PlaceEintracht Frankfurt
71%
14th PlaceVfb Stuttgart
71%
13th PlaceHannover 96
69%
10th PlaceSV Werder Bremen
68%
8th Place1899 TSG Hoffenheim
67%
11th Place1.FSV Mainz 05
67%
5th PlaceFC Augsburg
66%
1st Place 2nd leagueFC Ingolstadt
53%
2nd Place 2nd leagueDarmstadt 98
50%

Score Distribution

Percentile by Number Answered

Percent of People with Each Score

Your Score History

You have not taken this quiz